00610aas a2200169 4500001001000000003001000010005001700020008004100037022001400078040004100092041000800133100002600141245009000167300006100257546002200318773010000340768714001CO-MdFUSB20170831114850.0170831s2006 xxu||||| |||| 00| 0 eng d a0120-3649 aCO-MdFUSBbspacCO-MdFUSBdCO-MdFUSB aeng1 aBen-Ami, Doroneautor10aMysterious standing stones :bwhat do these ubiquitous things mean?c/ Ben-Ami, Doron aVolumen 32. Número 2 (2006), páginas 38-45c: 28 cm. aTexto en inglés0 tBiblical Archaeology Review049395gVolumen 32. Número 2 (2006), páginas 38-45qPágina 38